| 000 | 00620nam a2200193Ia 4500 | ||
|---|---|---|---|
| 003 | GCL | ||
| 008 | 140319s9999 xx 000 0 ara d | ||
| 040 |
_aGCL / _cGCL |
||
| 082 | 0 | 4 |
_a257.5 _bم ت |
| 100 | 1 | _aمحمود بن محمد بن عرنوس | |
| 245 | 1 | 0 |
_aتاريخ القضاء فى الاسلام / _cمحمود بن محمد بن عرنوس |
| 260 |
_a[S.N] : _bمكتبة الكليات الازهرية |
||
| 300 | _a249 ص | ||
| 490 | _a | ||
| 650 | 0 | 4 | _aالاسلام |
| 650 | 0 | 4 | _aالقضاء فى الاسلام |
| 650 | 0 | 4 | _aالنظام القضائى فى الاسلام |
| 942 |
_2ddc _cBK |
||
| 999 |
_c35461 _d35461 |
||